Detalles MARC
| 000 -CABECERA |
| campo de control de longitud fija |
01648nam a2200313 a 4500 |
| 001 - NÚMERO DE CONTROL |
| campo de control |
000010856 |
| 003 - IDENTIFICADOR DEL NÚMERO DE CONTROL |
| campo de control |
DO-SdBNP |
| 005 - FECHA Y HORA DE LA ÚLTIMA TRANSACCIÓN |
| campo de control |
20260217125742.0 |
| 008 - DATOS DE LONGITUD FIJA--INFORMACIÓN GENERAL |
| campo de control de longitud fija |
091012s1992 dr ad 001 0 spa d |
| 040 ## - FUENTE DE LA CATALOGACIÓN |
| Centro catalogador/agencia de origen |
DO-SdBNP |
| Lengua de catalogación |
spa |
| Centro/agencia transcriptor |
BNPHU |
| 082 ## - NÚMERO DE LA CLASIFICACIÓN DECIMAL DEWEY |
| Número de clasificación |
330.97293 |
| Número de documento/Ítem |
E92e, 1991 |
| 245 00 - MENCIÓN DE TÍTULO |
| Título |
Evaluación de la economía dominicana durante el 1991 y sus perspectivas / |
| Mención de responsabilidad, etc. |
coordinadora América Bastidas C. |
| 250 ## - MENCIÓN DE EDICIÓN |
| Mención de edición |
2a. ed. |
| 260 ## - PUBLICACIÓN, DISTRIBUCIÓN, ETC. |
| Lugar de publicación, distribución, etc. |
Santo Domingo : |
| Nombre del editor, distribuidor, etc. |
Universitaria-UASD, |
| Fecha de publicación, distribución, etc. |
1992. |
| 300 ## - DESCRIPCIÓN FÍSICA |
| Extensión |
xii, 76 p. : |
| Otras características físicas |
il., grafs. |
| 490 1# - MENCIÓN DE SERIE |
| Mención de serie |
Publicaciones de la Universidad Autónoma de Santo Domingo ; |
| Designación de volumen o secuencia |
674. |
| 500 ## - NOTA GENERAL |
| Nota general |
A la cabeza de la portada : Informe anual 1991 |
| 505 2# - NOTA DE CONTENIDO CON FORMATO |
| Nota de contenido con formato |
Evaluación de la economía dominicana 1991 y sus perspectivas -- |
| Título |
Generalidades -- |
| -- |
Comportamiento de la producción -- |
| -- |
Comportamiento del consumo total -- |
| -- |
Indice de precios e inflación -- |
| -- |
Nivel de desocupación -- |
| -- |
Índice de dolor --- |
| -- |
Salario mínimo legal y mínimo requerido -- |
| -- |
Política monetaria -- |
| -- |
Política cambiaria -- |
| -- |
Política crediticia -- |
| -- |
Política fiscal. |
| 590 ## - NOTA LOCAL (RLIN) |
| Nota local |
Inventariado, 2018/ YL |
| 650 #4 - PUNTO DE ACCESO ADICIONAL DE MATERIA--TÉRMINO DE MATERIA |
| Término de materia o nombre geográfico como elemento de entrada |
Economia |
| 9 (RLIN) |
85383 |
| 650 #0 - PUNTO DE ACCESO ADICIONAL DE MATERIA--TÉRMINO DE MATERIA |
| Término de materia o nombre geográfico como elemento de entrada |
Hacienda pública |
| Subdivisión geográfica |
República Dominicana |
| Subdivisión cronológica |
1991 |
| 9 (RLIN) |
6562 |
| 651 #4 - PUNTO DE ACCESO ADICIONAL DE MATERIA--NOMBRE GEOGRÁFICO |
| Nombre geográfico |
República Dominicana |
| Subdivisión cronológica |
1991 |
| Subdivisión general |
Condiciones económicas |
| 9 (RLIN) |
26185 |
| 651 #4 - PUNTO DE ACCESO ADICIONAL DE MATERIA--NOMBRE GEOGRÁFICO |
| Nombre geográfico |
República Dominicana |
| Subdivisión cronológica |
1991 |
| Subdivisión general |
Política económica |
| 9 (RLIN) |
26186 |
| 700 12 - PUNTO DE ACCESO ADICIONAL--NOMBRE DE PERSONA |
| Nombre de persona |
Bastida Castañeda, América |
| Término indicativo de función/relación |
coord. |
| 9 (RLIN) |
26187 |
| 710 1# - PUNTO DE ACCESO ADICIONAL--NOMBRE DE ENTIDAD CORPORATIVA |
| Nombre de entidad corporativa o nombre de jurisdicción como elemento de entrada |
Universidad Autónoma de Santo Domingo |
| Unidad subordinada |
Departamento de Economía |
| 9 (RLIN) |
72951 |
| 830 ## - PUNTO DE ACCESO ADICIONAL DE SERIE-TÍTULO UNIFORME |
| Título uniforme |
Publicaciones de la Universidad Autónoma de Santo Domingo |
| Designación de volumen o secuencia |
674 |
| 9 (RLIN) |
52 |
| 910 ## - DATOS DE OPCIÓN DEL USUARIO (OCLC) |
| Datos de opción del usuario |
Validado. Control de calidad MFF |
| 942 ## - ELEMENTOS DE PUNTO DE ACCESO ADICIONAL (KOHA) |
| Fuente del sistema de clasificación o colocación |
Dewey Decimal Classification |
| Tipo de ítem Koha |
Libro |